Fábulas de la Fontaine / (Registro nro. 35994)
[ vista simple ]
| 000 -CABECERA | |
|---|---|
| Longitud fija campo de control | 00920nam a2200253 4500 |
| 003 - • IDENTIFICADOR DELl NÚMERO DE CONTROL | |
| Identificador del número de control | CO-ViMGA |
| 020 ## - • NÚMERO INTERNACIONAL NORMALIZADO PARA LIBROS | |
| Número Internacional Normalizado para Libros (ISBN) | 9789588898117 |
| 040 ## - FUENTE DE LA CATALOGACIÓN | |
| Centro catalogador de origen | CO-ViMGA |
| Lengua de catalogación | spa |
| Centro transcriptor | CO-ViMGA |
| 082 04 - • NÚMERO DE LA CLASIFICACIÓN DECIMAL DEWEY | |
| Número de clasificación (R) | 841.45 |
| Número del ítem | L13f |
| 100 1# - • PUNTO DE ACCESO PRINCIPAL-NOMBRE DE PERSONA | |
| Nombre de persona | La Fontaine, Jean de , |
| Fechas asociadas al nombre | 1621-1695 |
| 245 10 - • TITULO PROPIAMENTE DICHO | |
| Título | Fábulas de la Fontaine / |
| Resto del título | ilustradas por Olga Cuellar ; |
| Mención de responsabilidad, etc. | traducción Teodoro Llorente. |
| 300 ## - • DESCRIPCIÓN FÍSICA | |
| Extensión | 93 p. : |
| Otras características físicas | il. ;16 cm. |
| 490 ## - • MENCIÓN DE SERIE | |
| Mención de serie | Circulación libro al viento. |
| 500 ## - • NOTA GENERAL | |
| Nota general | Incluye glosario. |
| 650 14 - • PUNTO DE ACCESO ADICIONAL DE MATERIA - TÉRMINO DE MATERIA | |
| Término de materia o nombre geográfico como elemento inicial | Animales - Cuentos infantiles |
| 650 14 - • PUNTO DE ACCESO ADICIONAL DE MATERIA - TÉRMINO DE MATERIA | |
| Término de materia o nombre geográfico como elemento inicial | Cuentos infantiles franceses |
| 650 14 - • PUNTO DE ACCESO ADICIONAL DE MATERIA - TÉRMINO DE MATERIA | |
| Término de materia o nombre geográfico como elemento inicial | Fábulas francesas |
| 650 14 - • PUNTO DE ACCESO ADICIONAL DE MATERIA - TÉRMINO DE MATERIA | |
| Término de materia o nombre geográfico como elemento inicial | Literatura infantil |
| 700 1# - • PUNTO DE ACCESO ADICIONAL - NOMBRE DE PERSONA | |
| Nombre de persona | Cuéllar, Olga, |
| Fechas asociadas al nombre | 1958, |
| Término indicativo de función | ilustraciones. |
| 700 1# - • PUNTO DE ACCESO ADICIONAL - NOMBRE DE PERSONA | |
| Nombre de persona | García Angel, Antonio, |
| Fechas asociadas al nombre | 1972, |
| Término indicativo de función | editor. |
| 700 1# - • PUNTO DE ACCESO ADICIONAL - NOMBRE DE PERSONA | |
| Nombre de persona | Llorente, Teodoro, |
| Fechas asociadas al nombre | 1836-1911, |
| Término indicativo de función | traductor. |
| 942 ## - ENTRADA DE ELEMENTOS AGREGADOS (KOHA) | |
| Koha [por defecto] tipo de item | LIbro |
| Fuente de clasificaión o esquema | Dewey Decimal Classification |
| Perdido | Estado Físico | No para préstamo | Forma de adquisición | Localización permanente | Localización actual | Fecha adquisición | Coste, precio normal de compra | Préstamos totales | Signatura completa | Código de barras | Fecha última consulta | Número de copia | Fecha del precio de reemplazo | Tipo de item de Koha | Fuente de clasificación o esquema |
|---|---|---|---|---|---|---|---|---|---|---|---|---|---|---|---|
| Colección General | Biblioteca Pública Cumaral - Alvaro Garzon Torres | Biblioteca Pública Cumaral - Alvaro Garzon Torres | 09/16/2024 | CUE | CUM02139 | 09/16/2024 | Ej.1 | 09/16/2024 | LIbro | Dewey Decimal Classification | |||||
| Sala General Segundo Piso | Biblioteca Pública Germán Arciniegas - Villavicencio | Biblioteca Pública Germán Arciniegas - Villavicencio | 09/03/2016 | 16451.00 | 841.45 L13f | 30528 | 09/03/2016 | Ej. 1 | 09/03/2016 | LIbro |